000 00343cam a2200145ua 4500
041 _aeng
_h
082 _a822
_bARI/BI
100 _aAristophanes, .
245 _aBirds /
_cAristrophanes.
_hTextual Documents
260 _aLondon :
_bGeorge Allen & Unwin Ltd ,
_c1960.
300 _a183 ; .
504 _a
942 _cBK
999 _c442
_d442